000 01416nam a22002537a 4500
003 DO-SdBNP
005 20240305103442.0
007 ta
008 110714s19uu dr 000 spa d
040 _aDO-SdBNP
_bspa
_cBNPHU
082 _axxx
_bxxx
100 _923565
_aContín Aybar, Pedro René,
_d1907-1981
245 1 0 _aIn memoriam :
_bTomas Hernández Franco /
_cPedro Rene Contin y Aybar, [et. al]
260 _aCiudad Trujillo,
_b[s.d]
_c[19--].
300 _a70 p.
_c22 cm.
505 0 _tIn memorian --
_rPedro Rene Contin y Aybar /
_tItinerario de América --
_rVirgilio Ferrer Gutiérrez /
_tLaurel de luto --
_rTrigueros de León /
_tTomás Hernández Franco --
_rR. Emilio Jiménez /
_tY en el amor una sombra --
_rHéctor Inchaustegui Cabral /
_tPoemas póstumos --
_tOración para el próximo dolor --
_tPuedo jurar ahora --
_tCanción de amor en muerte para el hijo --
_tInventar la palabra mansa --
_tEn esta alta cuesta de la noche --
_tLa posie a la Republique Dominicaine --
_rTomas Hernández Franco /
590 _aInventariado, 2022/ YL
700 2 _938745
_aFerrer Gutiérrez, Virgilio,
_d1907-
_tItinerario de América
700 2 _aLeón, Trigueros de
_d1917-1965
_tLaurel de luto
_982442
700 2 _96521
_aJiménez, Ramón Emilio,
_d1886-1970
_tTomás Hernández Franco
700 1 2 _aIncháustegui Cabral, Héctor,
_d1912-1979
_tY en le amor una sombra
_921024
910 _aYLockward
942 _2ddc
_cLBS1
999 _c31778
_d31778